| 000 | 00603nam a2200181Ia 4500 | ||
|---|---|---|---|
| 008 | 151202s9999||||xx |||||||||||||| ||und|| | ||
| 082 | _bPNVM-65927 | ||
| 100 | _aनाईक स्मिता सुनील. | ||
| 245 | _aस्वरऋणी. | ||
| 260 | _bनवसाहित्य बुक स्टॉल बेळगाव. | ||
| 260 | _c2008 | ||
| 300 | _a248 | ||
| 600 | _aनाईक स्मिता सुनील. | ||
| 630 | _aस्वरऋणी. | ||
| 700 | _aनाईक स्मिता सुनील. | ||
| 730 | _aस्वरऋणी. | ||
| 942 | _cBOOK | ||
| 999 |
_c1332459 _d1332456 |
||